ARRUPE JESUIT UNIVERSITY

CORONAVIRUS -STOP THE SPREAD - CLEAN,DISINFECT,COVER

Liberating the law : (Record no. 124784)

MARC details
000 -LEADER
fixed length control field 01111cam a2200301 a 4500
001 - CONTROL NUMBER
control field 582002
003 - CONTROL NUMBER IDENTIFIER
control field ARRUPE
005 - DATE AND TIME OF LATEST TRANSACTION
control field 20160503105201.0
008 - FIXED-LENGTH DATA ELEMENTS--GENERAL INFORMATION
fixed length control field 900523s1990 enk b 001 0 eng
010 ## - LIBRARY OF CONGRESS CONTROL NUMBER
LC control number 90039968
020 ## - INTERNATIONAL STANDARD BOOK NUMBER
International Standard Book Number 0862329205
020 ## - INTERNATIONAL STANDARD BOOK NUMBER
International Standard Book Number 0862329213 (pbk.)
040 ## - CATALOGING SOURCE
Original cataloging agency DLC
Transcribing agency DLC
Modifying agency DLC
043 ## - GEOGRAPHIC AREA CODE
Geographic area code f-mz---
050 00 - LIBRARY OF CONGRESS CALL NUMBER
Classification number KSX120
Item number .S234 1990
082 00 - DEWEY DECIMAL CLASSIFICATION NUMBER
Classification number 349.679
-- 346.79
Edition number 20
300 ## - PHYSICAL DESCRIPTION
Dimensions 23 cm.
100 1# - MAIN ENTRY--PERSONAL NAME
Personal name Sachs, Albie,
Dates associated with a name 1935-
9 (RLIN) 24307
245 10 - TITLE STATEMENT
Title Liberating the law :
Remainder of title creating popular justice in Mozambique /
Statement of responsibility, etc Albie Sachs, Gita Honwana Welch.
260 ## - PUBLICATION, DISTRIBUTION, ETC. (IMPRINT)
Place of publication, distribution, etc London ;
-- New Jersey :
Name of publisher, distributor, etc Zed Books,
Date of publication, distribution, etc 1990.
300 ## - PHYSICAL DESCRIPTION
Extent 136 p. ;
504 ## - BIBLIOGRAPHY, ETC. NOTE
Bibliography, etc Includes bibliographical references and index.
650 #0 - SUBJECT ADDED ENTRY--TOPICAL TERM
Topical term or geographic name as entry element Law
Geographic subdivision Mozambique
General subdivision History.
9 (RLIN) 24308
650 #0 - SUBJECT ADDED ENTRY--TOPICAL TERM
Topical term or geographic name as entry element Justice, Administration of
Geographic subdivision Mozambique
General subdivision History.
9 (RLIN) 24309
700 1# - ADDED ENTRY--PERSONAL NAME
Personal name Welch, Gita Honwana.
9 (RLIN) 24310
906 ## - LOCAL DATA ELEMENT F, LDF (RLIN)
a 7
b cbc
c orignew
d 1
e ocip
f 19
g y-gencatlg
942 ## - ADDED ENTRY ELEMENTS (KOHA)
Source of classification or shelving scheme Library of Congress Classification
Koha item type Monograph ( Printed materials)
Holdings
Withdrawn status Lost status Source of classification or shelving scheme Damaged status Not for loan Collection code Home library Current library Shelving location Date acquired Total Checkouts Full call number Barcode Date last seen Date checked out Price effective from Koha item type
    Library of Congress Classification     Main Collection ARRUPE LIBRARY ARRUPE LIBRARY Main Collection 03/05/2016 1 KSX120.S234 1990 46500006414 23/09/2022 24/08/2022 03/05/2016 Monograph ( Printed materials)

 

Arrupe Library. PO Box MP320 Mt Pleasant, Harare, Zimbabwe
263 242 745411|librarian@aju.ac.zw